<?xml version="1.0" encoding="UTF-8"?>
<record
    xmlns:xsi="http://www.w3.org/2001/XMLSchema-instance"
    xsi:schemaLocation="http://www.loc.gov/MARC21/slim http://www.loc.gov/standards/marcxml/schema/MARC21slim.xsd"
    xmlns="http://www.loc.gov/MARC21/slim">

  <leader>02697nam a22003737a 4500</leader>
  <controlfield tag="003">OSt</controlfield>
  <controlfield tag="005">20260513092052.0</controlfield>
  <controlfield tag="008">260512b        |||||||| |||| 00| 0 aze d</controlfield>
  <datafield tag="020" ind1=" " ind2=" ">
    <subfield code="a">9789952537260</subfield>
  </datafield>
  <datafield tag="040" ind1=" " ind2=" ">
    <subfield code="a">AZ-XaKU</subfield>
    <subfield code="b">aze</subfield>
    <subfield code="c">AZ-XaKU</subfield>
  </datafield>
  <datafield tag="041" ind1="0" ind2=" ">
    <subfield code="a">aze</subfield>
  </datafield>
  <datafield tag="050" ind1="1" ind2="4">
    <subfield code="a">PN1993 .A9 .K1897 .C4908 2020</subfield>
  </datafield>
  <datafield tag="100" ind1="1" ind2=" ">
    <subfield code="a">Kaz&#x131;mzad&#x259;, Ayd&#x131;n,</subfield>
    <subfield code="d">m&#xFC;&#x259;llif</subfield>
    <subfield code="b">1940 - 2021 ;</subfield>
    <subfield code="e">m&#xFC;&#x259;llif</subfield>
  </datafield>
  <datafield tag="245" ind1="1" ind2="0">
    <subfield code="a">Az&#x259;rbaycan kino salnam&#x259;si</subfield>
    <subfield code="c">/ Ayd&#x131;n Kaz&#x131;mzad&#x259;</subfield>
  </datafield>
  <datafield tag="264" ind1=" " ind2=" ">
    <subfield code="a">Bak&#x131; :</subfield>
    <subfield code="b">&#x15E;&#x259;rq-Q&#x259;rb,</subfield>
  </datafield>
  <datafield tag="300" ind1=" " ind2=" ">
    <subfield code="a">768 s&#x259;hif&#x259; ;</subfield>
    <subfield code="b">&#x15F;&#x259;killi</subfield>
    <subfield code="c">24.5 sm.</subfield>
  </datafield>
  <datafield tag="336" ind1=" " ind2=" ">
    <subfield code="a">text</subfield>
    <subfield code="b">txt</subfield>
    <subfield code="2">rdacontent</subfield>
  </datafield>
  <datafield tag="337" ind1=" " ind2=" ">
    <subfield code="a">unmediated</subfield>
    <subfield code="b">n</subfield>
    <subfield code="2">rdamedia</subfield>
  </datafield>
  <datafield tag="338" ind1=" " ind2=" ">
    <subfield code="a">volume </subfield>
    <subfield code="b">nc</subfield>
    <subfield code="2">rdacarrier</subfield>
  </datafield>
  <datafield tag="505" ind1="0" ind2=" ">
    <subfield code="a">I F&#x259;sil. Tammetrajl&#x131; v&#x259; q&#x131;sametrajl&#x131; b&#x259;dii, televiziya b&#x259;dii filml&#x259;ri -- II f&#x259;sil. Animasiya filml&#x259;ri -- III F&#x259;sil. "Mozalan" satirik kinojurnal&#x131; -- B&#x259;dii filml&#x259;rin &#x259;lifba g&#xF6;st&#x259;ricisi -- Animasiya filml&#x259; rin &#x259;lifba g&#xF6;st&#x259;ricisi -- Kinorejissorlar&#x131;n adlar g&#xF6;st&#x259;ricisi</subfield>
  </datafield>
  <datafield tag="520" ind1=" " ind2=" ">
    <subfield code="a">"Az&#x259;rbaycan kino salnam&#x259;si" ikicildliyi 1898-2018-ci ill&#x259;rd&#x259; &#xF6;lk&#x259;mizd&#x259;, C.Cabbarl&#x131; ad&#x131;na "Az&#x259;rbaycanfilm" kinostudiyas&#x131;nda v&#x259; dig&#x259;r studiyalarda, kino &#x15F;irk&#x259;tl&#x259;rind&#x259;, televiziya kanallar&#x131;nda istehsal olunmu&#x15F; b&#xFC;t&#xFC;n n&#xF6;vl&#x259;rd&#x259;n olan filml&#x259;rin filmoqrafiyas&#x131;n&#x131; &#x259;hat&#x259; edir.
M&#xF6;vcud  "Az&#x259;rbaycan kino salnam&#x259;si"nin I cildin&#x259; 1898-2018-ci ill&#x259;rd&#x259; yarad&#x131;lm&#x131;&#x15F; tammetrajl&#x131; v&#x259; q&#x131;sametrajl&#x131; b&#x259;dii, televiziya b&#x259;dii, animasiya filml&#x259;ri v&#x259; "Mozalan" satirik kinojurnal&#x131;n&#x131;n b&#x259;dii s&#xFC;jetl&#x259;ri daxil edilmi&#x15F;dir. N&#x259;&#x15F;rd&#x259; eyni zamanda "B&#x259;dii v&#x259; animasiya filml&#x259;rinin &#x259;lifba g&#xF6;st&#x259;ricisi" v&#x259; "Kinorejissorlar&#x131;n adlar g&#xF6;st&#x259;ricisi" d&#x259; verilmi&#x15F;dir.
Kinosalnam&#x259;d&#x259; m&#xFC;&#x259;llifin v&#x259; m&#xFC;xt&#x259;lif ill&#x259;rd&#x259; kino sah&#x259;sind&#x259; &#xE7;al&#x131;&#x15F;an inasanlar&#x131;n &#x15F;&#x259;xsi arxivl&#x259;rind&#x259; qorunan, C.Cabbarl&#x131; ad&#x131;na "Az&#x259;rbaycanfilm" kinostudiyas&#x131;n&#x131;n fotosexind&#x259;, h&#x259;m&#xE7;inin Az&#x259;rbaycan D&#xF6;vl&#x259;t Film Fondunun arxivind&#x259; saxlan&#x131;lan foto&#x15F;&#x259;kill&#x259;rind&#x259;n istifad&#x259; olunmu&#x15F;dur.</subfield>
  </datafield>
  <datafield tag="521" ind1=" " ind2=" ">
    <subfield code="a">Bu kitab kino m&#xFC;t&#x259;x&#x259;ssisl&#x259;rinin m&#x259;d&#x259;niyy&#x259;t, inc&#x259;s&#x259;n&#x259;t, televiziya v&#x259; d&#xF6;vri m&#x259;tbuat i&#x15F;&#xE7;il&#x259;rinin, kino h&#x259;v&#x259;skarlar&#x131;n&#x131;n, el&#x259;c&#x259; d&#x259; geni&#x15F; oxucu k&#xFC;tl&#x259;sinin istifad&#x259;si &#xFC;&#xE7;&#xFC;n n&#x259;z&#x259;rd&#x259; tutlmu&#x15F;dur.</subfield>
  </datafield>
  <datafield tag="650" ind1=" " ind2="7">
    <subfield code="2">AZ-XaKU</subfield>
    <subfield code="a">S&#x259;n&#x259;t&#x15F;&#xFC;nasl&#x131;q</subfield>
  </datafield>
  <datafield tag="655" ind1=" " ind2=" ">
    <subfield code="a">s&#x259;n&#x259;dli-ensiklopedik</subfield>
  </datafield>
  <datafield tag="700" ind1="1" ind2=" ">
    <subfield code="a">Quliyev, C&#x259;mil,</subfield>
    <subfield code="e">elmi redaktor</subfield>
  </datafield>
  <datafield tag="700" ind1="1" ind2=" ">
    <subfield code="a">Salmanov, Rasim,</subfield>
    <subfield code="e">burax&#x131;l&#x131;&#x15F; m&#x259;sul</subfield>
  </datafield>
  <datafield tag="700" ind1="1" ind2=" ">
    <subfield code="a">V&#x259;zirzad&#x259;, Leyla,</subfield>
    <subfield code="e">redaktor</subfield>
  </datafield>
  <datafield tag="700" ind1="1" ind2=" ">
    <subfield code="a">&#x18F;mirli , &#x15E;&#x259;hla,</subfield>
    <subfield code="e">redaktor</subfield>
  </datafield>
  <datafield tag="700" ind1="1" ind2=" ">
    <subfield code="a">Hac&#x131;yeva, Nail&#x259;,</subfield>
    <subfield code="e">redaktor</subfield>
  </datafield>
  <datafield tag="700" ind1="1" ind2=" ">
    <subfield code="a">Hiday&#x259;tzad&#x259;, X&#x259;yal&#x259;,</subfield>
    <subfield code="e">komp&#xFC;ter y&#x131;&#x11F;&#x131;m&#x131;</subfield>
  </datafield>
  <datafield tag="700" ind1="1" ind2=" ">
    <subfield code="a">Kaz&#x131;mzad&#x259;, G&#xFC;ls&#xFC;m,</subfield>
    <subfield code="e">komputer y&#x131;&#x11F;&#x131;m&#x131;</subfield>
  </datafield>
  <datafield tag="942" ind1=" " ind2=" ">
    <subfield code="c">BOOK</subfield>
  </datafield>
  <datafield tag="999" ind1=" " ind2=" ">
    <subfield code="c">429</subfield>
    <subfield code="d">429</subfield>
  </datafield>
  <datafield tag="952" ind1=" " ind2=" ">
    <subfield code="0">0</subfield>
    <subfield code="1">0</subfield>
    <subfield code="2">lcc</subfield>
    <subfield code="4">0</subfield>
    <subfield code="7">0</subfield>
    <subfield code="8">FA</subfield>
    <subfield code="a">KU</subfield>
    <subfield code="b">KUA</subfield>
    <subfield code="d">2026-05-12</subfield>
    <subfield code="l">0</subfield>
    <subfield code="o">PN1993 .A9 .K1897 .C7908 2020</subfield>
    <subfield code="p">0000001202</subfield>
    <subfield code="r">2026-05-12 16:02:55</subfield>
    <subfield code="t">2</subfield>
    <subfield code="w">2026-05-12</subfield>
    <subfield code="y">BOOK</subfield>
  </datafield>
  <datafield tag="952" ind1=" " ind2=" ">
    <subfield code="0">0</subfield>
    <subfield code="1">0</subfield>
    <subfield code="2">lcc</subfield>
    <subfield code="4">0</subfield>
    <subfield code="7">0</subfield>
    <subfield code="8">FA</subfield>
    <subfield code="a">KU</subfield>
    <subfield code="b">KUA</subfield>
    <subfield code="d">2026-05-12</subfield>
    <subfield code="l">0</subfield>
    <subfield code="o">PN1993 .A9 .K1897 .C7908 2020 c.2</subfield>
    <subfield code="p">0000001213</subfield>
    <subfield code="r">2026-05-12 16:03:00</subfield>
    <subfield code="t">2</subfield>
    <subfield code="w">2026-05-12</subfield>
    <subfield code="y">BOOK</subfield>
  </datafield>
</record>
